World Map Without 45 Random Countries - Statistics

General Stats
  • This quiz has been taken 315 times
  • The average score is 41 of 45
Answers on the Map
Answers color-coded by a green-red scale on the quiz's map according to % correct below.
 
Answer Stats
Country % Correct
Algeria
100%
Argentina
100%
Austria
100%
Bolivia
100%
Brazil
100%
Canada
100%
China
100%
Colombia
100%
Egypt
100%
Guinea
100%
India
100%
Kazakhstan
100%
Lesotho
100%
Mexico
100%
Namibia
100%
Niger
100%
Nigeria
100%
Paraguay
100%
Russia
100%
Rwanda
100%
Spain
100%
Sweden
100%
Ukraine
100%
United States
100%
Afghanistan
97%
Armenia
97%
Bosnia and Herzegovina
97%
Germany
97%
Myanmar
97%
Pakistan
97%
Turkmenistan
97%
Australia
96%
Botswana
96%
Chad
96%
Ecuador
96%
Finland
96%
Guatemala
96%
Italy
96%
Japan
96%
Moldova
96%
Mongolia
96%
North Macedonia
96%
Panama
96%
Poland
96%
Portugal
96%
Slovakia
96%
Sri Lanka
96%
Sudan
96%
Suriname
96%
Thailand
96%
Togo
96%
Turkey
96%
Uganda
96%
Uzbekistan
96%
Yemen
96%
Angola
95%
Chile
95%
France
95%
Gabon
95%
Georgia
95%
Hungary
95%
Iran
95%
Madagascar
95%
Peru
95%
Romania
95%
Saudi Arabia
95%
Switzerland
95%
Tunisia
95%
DR Congo
94%
Israel
94%
Nepal
94%
Norway
94%
Denmark
93%
Guinea-Bissau
93%
Kyrgyzstan
93%
Mauritania
93%
South Africa
93%
South Korea
93%
Tajikistan
93%
Zimbabwe
93%
Albania
92%
Belgium
92%
Bulgaria
92%
Czech Republic
92%
Dominican Republic
92%
FS Micronesia
92%
Greece
92%
Malaysia
92%
Republic of the Congo
92%
Serbia
92%
Slovenia
92%
South Sudan
92%
Tanzania
92%
Costa Rica
91%
Croatia
91%
Guyana
91%
Haiti
91%
Indonesia
91%
Mali
91%
Morocco
91%
North Korea
91%
Uruguay
91%
Cambodia
90%
Eritrea
90%
Ethiopia
90%
Iraq
90%
Kuwait
90%
Venezuela
90%
Zambia
90%
Belarus
89%
Cameroon
89%
Malawi
89%
New Zealand
89%
Oman
89%
Vietnam
89%
Bangladesh
88%
Benin
88%
Comoros
88%
Libya
88%
Lithuania
88%
Sierra Leone
88%
Central African Republic
87%
Cuba
87%
Ivory Coast
87%
Latvia
87%
Seychelles
87%
United Kingdom
87%
Belize
86%
Burkina Faso
86%
El Salvador
86%
Honduras
86%
Kenya
86%
Kosovo
86%
Laos
86%
Mozambique
86%
Nauru
86%
Netherlands
86%
Palau
86%
Syria
86%
Azerbaijan
85%
Estonia
85%
Nicaragua
85%
Taiwan
85%
Iceland
84%
Philippines
84%
Tuvalu
84%
Bahamas
83%
Cape Verde
83%
Eswatini
83%
Ghana
83%
Liberia
83%
Senegal
83%
Ireland
82%
Mauritius
82%
Samoa
81%
Somalia
81%
Jordan
79%
Marshall Islands
79%
Sao Tome and Principe
79%
Jamaica
78%
Papua New Guinea
78%
Burundi
77%
Maldives
76%
Solomon Islands
75%
Vanuatu
74%
Kiribati
73%
Equatorial Guinea
72%
Tonga
72%
Malta
68%
Fiji
65%
United Arab Emirates
61%
No matching quizzes found
Score Distribution
Percent of People with Each Score
Percentile by Number Answered
Your Score History
You have not taken this quiz